| 000 | 00671cab a2200241 4500 | ||
|---|---|---|---|
| 001 | WB3511-38 | ||
| 008 | 090401t1999 xxu||||| |||| 00| 0 eng d | ||
| 035 | _a(Sirsi) u92189 | ||
| 041 | _aeng | ||
| 245 | _aRetail development | ||
| 260 | _c1999 | ||
| 350 | _a0 | ||
| 490 |
_aEstates Gazette Case Summaries _v[1999] EGCS 29 (1) |
||
| 650 | _aIMPACT | ||
| 650 | _aPLANNING POLICY GUIDANCE NOTE SIX | ||
| 650 | _aRETAIL DEVELOPMENT | ||
| 650 | _aSAFEWAY STORES V SOS ENVIRONMENT AND OTHERS | ||
| 650 | _aTOWN AND COUNTRY PLANNING ACT 1990 S288 | ||
| 650 | _aTOWN CENTRES | ||
| 690 | _aPLANNING LAW AND PRACTICE-CASE LAW | ||
| 942 | _n0 | ||
| 948 | _c17/03/1999 | ||
| 999 |
_c58451 _d58451 |
||